Countries of the Soviet Union in alphabetical order - Statistics

General Stats
  • This quiz has been taken 19 times
  • The average score is 10 of 15
Answer Stats
Hint Answer % Correct
1 Armenia
100%
3 Belarus
83%
5 Georgia
78%
6 Kazakhstan
78%
14 Ukraine
78%
4 Estonia
72%
8 Latvia
72%
9 Lithuania
72%
10 Moldova
67%
13 Turkmenistan
67%
15 Uzbekistan
67%
12 Tajikistan
61%
11 Russia
50%
2 Azerbijan
17%
7 Kyrgistan
6%
No matching quizzes found
Score Distribution
Percent of People with Each Score
Percentile by Number Answered
Your Score History
You have not taken this quiz